Villes de France finissant par "sur-Mer" - Statistiques

Statistiques générales
  • Ce quiz a été pris 190 fois
  • Le résultat moyen est 4 sur 10
Statistiques - réponses
Population Département Ville % Correct
41 000 62 Boulogne-sur-Mer
82%
52 500 06 Cagnes-sur-Mer
66%
63 000 83 La Seyne-sur-Mer
63%
11 000 66 Argèles-sur-Mer
47%
18 000 83 Sanary-sur-Mer
34%
15 500 13 Fos-sur-Mer
33%
12 000 83 Saint-Cyr-sur-Mer
17%
7 500 83 Cavalaire-sur-Mer
13%
7 000 29 Moëlan-sur-Mer
7%
7 000 22 Binic-Étables-sur-Mer
5%
Aucun quiz correspondant
Distribution des résultats
% des personnes avec chaque résultat
Percentile par nombre de réponses
Votre historique - résultats
Vous n’avez pas pris ce quiz